The gingerbread man / (Record no. 3699)
[ view plain ]
| 000 -LEADER | |
|---|---|
| fixed length control field | 01377cgm a22003495a 4500 |
| 001 - CONTROL NUMBER | |
| control field | 3699 |
| 003 - CONTROL NUMBER IDENTIFIER | |
| control field | FISKH |
| 005 - DATE AND TIME OF LATEST TRANSACTION | |
| control field | 20240422142455.0 |
| 007 - PHYSICAL DESCRIPTION FIXED FIELD--GENERAL INFORMATION | |
| fixed length control field | m|||||||||||||||| |
| 007 - PHYSICAL DESCRIPTION FIXED FIELD--GENERAL INFORMATION | |
| fixed length control field | m||||||||||||||||20006 |
| 008 - FIXED-LENGTH DATA ELEMENTS--GENERAL INFORMATION | |
| fixed length control field | 010906s1997 xxu001 mleng |
| 010 ## - LIBRARY OF CONGRESS CONTROL NUMBER | |
| LC control number | 2001643588 |
| 017 ## - COPYRIGHT OR LEGAL DEPOSIT NUMBER | |
| Copyright or legal deposit number | PA965-428 |
| Assigning agency | U.S. Copyright Office |
| 020 ## - INTERNATIONAL STANDARD BOOK NUMBER | |
| International Standard Book Number | 9781869559465 |
| 040 ## - CATALOGING SOURCE | |
| Original cataloging agency | DLC |
| Transcribing agency | DLC |
| Description conventions | amim |
| Modifying agency | DLC |
| Language of cataloging | eng |
| 050 00 - LIBRARY OF CONGRESS CALL NUMBER | |
| Classification number | CGC 9323-9328 (viewing print) |
| 082 ## - DEWEY DECIMAL CLASSIFICATION NUMBER | |
| Classification number | 398.20942 |
| 100 ## - MAIN ENTRY--PERSONAL NAME | |
| Personal name | Smith, Annette |
| 245 04 - TITLE STATEMENT | |
| Title | The gingerbread man / |
| Statement of responsibility, etc. | Retold by Annette Smith; Illustrated by Rachel Tonkin ; Gingerbread man created by Nathan Mitchell |
| 260 ## - PUBLICATION, DISTRIBUTION, ETC. | |
| Place of publication, distribution, etc. | Victoria : |
| Name of publisher, distributor, etc. | Nelson Cengage Learning, |
| Date of publication, distribution, etc. | 1997. |
| 300 ## - PHYSICAL DESCRIPTION | |
| Extent | 32 pages : |
| Other physical details | color illustrations ; |
| Dimensions | 21 cm |
| 505 ## - FORMATTED CONTENTS NOTE | |
| Formatted contents note | G<br/> |
| 511 1# - PARTICIPANT OR PERFORMER NOTE | |
| Participant or performer note | Kenneth Branagh, Embeth Davidtz, Robert Downey Jr. Daryl Hannah. |
| 520 ## - SUMMARY, ETC. | |
| Summary, etc. | When a little old lady bakes a gingerbread man, he comes alive and runs away. She chases him and along the way other animals try convincing him to stop. Finally, he arrives at a river where he must decide whether to accept an old fox's help. |
| 521 8# - TARGET AUDIENCE NOTE | |
| Target audience note | 380<br/> |
| Source | Lexile <br/> |
| 521 8# - TARGET AUDIENCE NOTE | |
| Target audience note | G<br/> |
| Source | Raz-Plus |
| 650 ## - SUBJECT ADDED ENTRY--TOPICAL TERM | |
| Topical term or geographic name entry element | Fairytale |
| General subdivision | Gingerbread man |
| 700 ## - ADDED ENTRY--PERSONAL NAME | |
| Personal name | Tonkin, Rachel |
| Relator term | Illustrator |
| 906 ## - LOCAL DATA ELEMENT F, LDF (RLIN) | |
| a | 0 |
| b | cbc |
| c | orignew |
| d | u |
| e | ncip |
| f | 20 |
| g | y-movingim |
| 942 ## - ADDED ENTRY ELEMENTS (KOHA) | |
| Source of classification or shelving scheme | Dewey Decimal Classification |
| Koha item type | Books |
| Suppress in OPAC | No |
| Withdrawn status | Lost status | Source of classification or shelving scheme | Damaged status | Not for loan | Collection | Home library | Current library | Shelving location | Date acquired | Total Checkouts | Full call number | Barcode | Date last seen | Date last checked out | Copy number | Price effective from | Koha item type |
|---|---|---|---|---|---|---|---|---|---|---|---|---|---|---|---|---|---|
| Dewey Decimal Classification | Juvenile Fiction | Footprints International School Library Network Toul Kork Campus | Footprints International School Library Network Toul Kork Campus | TK Primary Library Room(4th Floor), Bookcase 1&2, Shelves 1-16, Dark Blue Books | 04/22/2024 | 1 | SMI 398.20942 PZ7 | FISTK04035 | 03/04/2025 | 08/23/2024 | 1 | 04/22/2024 | Books | ||||
| Dewey Decimal Classification | Juvenile Fiction | Footprints International School Library Network Toul Tom Poung Campus | Footprints International School Library Network Toul Tom Poung Campus | TTP Primary Dark Blue Bookshelves | 06/20/2025 | SMI 398.20942 PZ7 | FISBK05018 | 06/20/2025 | 2 | 06/20/2025 | Books | ||||||
| Dewey Decimal Classification | Juvenile Fiction | Footprints International School Library Network Toul Tom Poung Campus | Footprints International School Library Network Toul Tom Poung Campus | TTP Primary Dark Blue Bookshelves | 06/23/2025 | SMI 398.20942 PZ7 | FIS02188 | 06/23/2025 | 3 | 06/23/2025 | Books | ||||||
| Dewey Decimal Classification | Juvenile Fiction | Footprints International School Library Network Toul Tom Poung Campus | Footprints International School Library Network Toul Tom Poung Campus | TTP Primary Dark Blue Bookshelves | 06/23/2025 | SMI 398.20942 PZ7 | FIS04911 | 06/23/2025 | 4 | 06/23/2025 | Books | ||||||
| Dewey Decimal Classification | Juvenile Fiction | Footprints International School Library Network Toul Tom Poung Campus | Footprints International School Library Network Toul Tom Poung Campus | TTP Primary Dark Blue Bookshelves | 06/23/2025 | 1 | SMI 398.20942 PZ7 | FIS05082 | 03/19/2026 | 03/12/2026 | 5 | 06/23/2025 | Books | ||||
| Dewey Decimal Classification | Juvenile Fiction | Footprints International School Library Network Toul Tom Poung Campus | Footprints International School Library Network Toul Tom Poung Campus | TTP Primary Dark Blue Bookshelves | 06/23/2025 | SMI 398.20942 PZ7 | FISBK05000 | 06/23/2025 | 6 | 06/23/2025 | Books |
